| 000 | 00727nam a2200193Ia 4500 | ||
|---|---|---|---|
| 008 | 0000002000 sp a 0000000000spa00 | ||
| 090 | _aPUS00 B32p | ||
| 100 | 1 |
_aBidlo, Mike _d1953 |
|
| 245 | 1 | 0 |
_aPicasso not Picasso _b: Mike Bidlo |
| 264 | _aMadrid : ArsNovaxxI | ||
| 300 |
_a47 p. _c/ 30 cm. |
||
| 500 | _aExposición realizada en Arsnova xxI, Madrid, FebreroAbril, 2000 \ Con el patronazgo del maestro venezolano Jesús Rafael Soto (q.e.p.d.) | ||
| 600 | 0 | 0 |
_a PICASSO, PABLO, 18811973 CRITICA E INTERPRETACION \ BIDLO, MIKE, 1953/ _xTRABAJOS PICTORICOS |
| 650 | 1 | 4 | _a PINTURA ESTADOUNIDENSE |
| 650 | 1 | 4 | _xCATALOGOS |
| 650 | 1 | 4 | _xEXPOSICIONES |
| 650 | 1 | 4 | _aPINTORES ESTADOUNIDENSES |
| 999 |
_c884 _d884 |
||
| 260 | _c2000 | ||